[Event "FRA-ch blitz 13th"]
[Site "Nancy"]
[Date "2015.02.21"]
[Round "3"]
[White "Minko, Vladimir"]
[Black "Arun Prasad, Subramanian"]
[Result "0-1"]
[WhiteElo "2216"]
[BlackElo "2502"]
[PlyCount "73"]
[EventDate "2015.02.21"]
[EventType "swiss (blitz)"]
[EventRounds "11"]
[EventCountry "FRA"]
[SourceTitle "CBM 164 Extra"]
[Source "ChessBase"]
[SourceDate "2015.03.02"]
[SourceVersion "1"]
[SourceVersionDate "2015.03.02"]
[SourceQuality "1"]

1. d4 Nf6 2. c4 e6 3. g3 c5 4. d5 exd5 5. cxd5 d6 6. Nc3 g6 7. Bg2 Bg7 8. Nf3 0-0 9. 0-0 Re8 10. h3 a6 11. a4 Nbd7 12. Nd2 Rb8 13. Nc4 Ne5 14. Na3 Nh5 15. e4 Bd7 16. g4 Nf6 17. g5 Nh5 18. f4 b5 19. fxe5 b4 20. Nc4 bxc3 21. bxc3 Bxe5 22. Nxe5 Rxe5 23. Qd3 Qa5 24. Bd2 Rb3 25. Qf3 Be8 26. Rf2 Qb6 27. Kh2 Rb1 28. Rf1 Rxa1 29. Rxa1 Qb2 30. Qd1 Qb7 31. c4 Qe7 32. Rb1 h6 33. gxh6 Kh7 34. Qf3 Bxa4 35. Rb8 Nf6 36. Bc3 Nxd5 37. exd5 0-1

[Event "Al Ain op 3rd"]
[Site "Al Ain"]
[Date "2014.12.24"]
[Round "7"]
[White "Volkov, Sergey"]
[Black "Arun Prasad, Subramanian"]
[Result "1-0"]
[WhiteElo "2599"]
[BlackElo "2482"]
[PlyCount "47"]
[EventDate "2014.12.19"]
[EventType "swiss"]
[EventRounds "9"]
[EventCountry "UAE"]
[SourceTitle "CBM 164 Extra"]
[Source "ChessBase"]
[SourceDate "2015.03.02"]
[SourceVersion "1"]
[SourceVersionDate "2015.03.02"]
[SourceQuality "1"]

1. d4 Nf6 2. c4 e6 3. Nc3 Bb4 4. f3 c5 5. d5 0-0 6. e4 b5 7. e5 Ne8 8. cxb5 exd5 9. Qxd5 Nc7 10. Qd6 a6 11. Nh3 Re8 12. Bg5 f6 13. b6 Ne6 14. Bh4 g5 15. Bg3 Nc6 16. Bc4 Bb7 17. 0-0-0 Bxc3 18. bxc3 Na5 19. Bxe6+ Rxe6 20. Qxe6+ dxe6 21. Rxd8+ Rxd8 22. exf6 h6 23. Nf2 Nc4 24. h4 1-0